00821nam a22002417a 4500003000400000005001700004008004100021040000900062100002600071245009900097250001100196260003100207300001100238490001500249600004600264600003400310610002700344650003900371700003300410942001300443999001500456952010800471OSt20131106130551.0130530s1996 sp ||||| |||| 00| 0 spa d cCDMR1 93571aEsteban, Esther13aEl tercer hombreb: P.J. la pesadilla de F. G.cEsther Esteban ; prólogo de Francisco Umbral a2a ed. aMadridbEspasa-Calpec1996 a321 p.0 aEspasa Hoy1 93593aGonzález Márquez, Feliped1942-1 92327aRamírez, Pedro José2 93493aEl Mundo (Diari)0494090aPremsa i políticazEspanya1 93594aUmbral, Franciscoepr. 2udccMON c6355d6355 00104070aCDMRbCDMRd2013-01-16l1m1oDg /14pCDMR13056562r2013-09-19s2013-09-18w2013-05-30yMON